00879nam a22002177a 4500999001900000005001700019010001500036020003100051035001400082037001300096082001000109245013100119260005400250270008200304300004400386700002100430700002700451700002400478942002400502952013500526 c176492d17649220210104122041.0 aENG-128720 a978-93-5287-548-1c1695.00 aEN-112252 bDBAD/PUB a491.4 aPepole's Linguistic Survey of India: Languages of Goa, Vol 8 Part IIcEdited by G. N. Devy, Madhavi Sardesai and Damodar Mauzo aTelanganabOrient Blackswan Private Limitedc2019 bTelanganae500029a3-6-752, Himayatnagar, Hyderabadminfo@orientblackswan.com axlvi+274p.c25cm(hbk)bincluding index. aDevy, G. N., Ed. aSardesai, Madhavi ,Ed. aMauzo, Damodar, Ed. 2ddccENh491.4mPEO 001040708NFICaLbLd2021-01-04eDBAD/PUBg1695.00l1m1o491.4 PEOpEN-112252r2024-01-22 00:00:00s2023-12-21t1v1695.00yEN